| 000 | 00399nam a2200121Ia 4500 | ||
|---|---|---|---|
| 008 | 160609s9999 xx 000 0 und d | ||
| 100 | _aWalton, J. Michael. | ||
| 245 | 4 | _aThe Greek Sense Of Theatre: Tragedy And Comedy, 3 Edition | |
| 245 | _cBy:J Michael Walton | ||
| 260 | _c2015 | ||
| 650 | _xINTRODUCTION TO THEATRE ARTS | ||
| 856 | _uhttp://file.ebook777.com/002/TheGreSenOfTheTraAndCom3Edi.pdf | ||
| 999 |
_c295631 _d295631 |
||